000 00742nam a2200229 a 4500
001 31491
003 BD-RjUL
005 20211209051716.0
008 140420s1961 enka 000 0 eng d
035 _a(BD-RjUL)31579
040 _aBD-RjUL
_beng
_cBD-RjUL
_dBD-RjUL
041 _aeng
082 0 0 _a621.399
_bCOL 1961
245 0 0 _aColor vision :
_ban enduring problem in psychology : selected readings /
_cedited by Richard C. Teevan and Robert C. Birney
260 _aLondon :
_bVan Nostrand,
_cc1961.
300 _aviii, 214 p. :
_bill. ;
_c19 cm
650 0 _aColor vision
_995846
700 1 _aTeevan, Richard Collier,
_d1919-
_94102
700 1 _aBirney, Robert Charles,
_d1925-
_94104
830 0 _aInsight book
_995851
942 _2ddc
_cBK
999 _c31491
_d31491